Statistiken für Alle Europäischen Länder-Internetadressen

Klicken Sie hier um das Quiz zu spielen!

Allgemein

  • Dieses Quiz wurde 115 mal gespielt
  • Das Durchschnittsergebnis liegt bei 39 aus 50

Antwortstatistiken

Internet TLDLand% Korrekt
.deDeutschland
100%
.chSchweiz
91%
.dkDänemark
90%
.fiFinnland
90%
.atÖsterreich
90%
.frFrankreich
89%
.itItalien
89%
.nlNiederlande
88%
.roRumänien
88%
.noNorwegen
86%
.ukVereinigtes Königreich
86%
.plPolen
85%
.huUngarn
85%
.beBelgien
84%
.grGriechenland
83%
.ltLitauen
83%
.ruRussland
83%
.esSpanien
83%
.czTschechien
83%
.alAlbanien
80%
.isIsland
80%
.skSlowakei
80%
.liLiechtenstein
79%
.trTürkei
79%
.vaVatikanstadt
78%
.bgBulgarien
77%
.ptPortugal
77%
.seSchweden
77%
.lvLettland
76%
.luLuxemburg
76%
.geGeorgien
75%
.uaUkraine
75%
.amArmenien
74%
.eeEstland
74%
.mcMonaco
74%
.smSan Marino
74%
.cyZypern
74%
.adAndorra
71%
.azAserbaidschan
71%
.hrKroatien
68%
.mdMoldawien
67%
.mkNordmazedonien
66%
.mtMalta
64%
.byWeißrussland
63%
.siSlowenien
61%
.xkKosovo
60%
.ieIrland
59%
.rsSerbien
59%
.meMontenegro
58%
.baBosnien und Herzegowina
56%

Verteilung der Resultate

Perzentil nach korrekt beantworteten Fragen

Anzahl Personen mit jedem Resultat

Ihre Resultats-Entwicklung

Sie haben dieses Quiz noch nicht gespielt